000 00648nam a2200181Ia 4500
008 100920s9999 xx 000 0 und d
082 _b70142
_a51 थ 97
100 _aजोगळेकर का. गो.
245 _aरिंगण रेषेवरून.
260 _bमोरया प्रकाशन, डोंबिवली (पश्चिम), जि. ठाणे.
_c1997
300 _a250
_bसाधी
365 _b120
520 _aचरित्र.
630 _aरिंगण रेषेवरून.
650 _aचरित्र.
730 _aरिंगण रेषेवरून.
942 _cBOOK
999 _c712194
_d712191